00476nam a2200193 a 4500001001300000003000900013005001700022008004100039020001100080082001600091100002000107245002000127260003700147300000800184500003500192505001300227650002200240700002000262nice12345678IN_TiNIC20260116011407.0050524s1953 alia grp 000 0 urd  ac0.7500a297.63bHAF aHafeezullah, Md aIslami Mazameen aAligarhbMuslim Universityc1953 a46p aincludes index and biblioraphy2 aAppendix aMuhammad, Prophet1 aHafeezullah, Md